[Event "GER-ch Blitz 2019"]
[Site "Magdeburg"]
[Date "2019.05.25"]
[Round "3.9"]
[White "Schulz, Karsten"]
[Black "Buhmann, Rainer"]
[Result "0-1"]
[WhiteElo "2227"]
[BlackElo "2573"]
[Annotator "TA"]
[PlyCount "90"]
[EventDate "2019.05.25"]
[EventType "tourn"]
[EventCountry "GER"]
[Tiebreak "Number of wins+Number of black wins"]
[SourceTitle "playchess.com"]
[Source "ChessBase"]
[SourceQuality "1"]

{[%evp 17,90,0,-11,-50,-46,-43,-49,-58,-47,-75,-71,-56,-74,-90,-46,-46,-49,-82,
-75,-147,-161,-168,-160,-138,0,-223,-77,-111,-47,-58,-32,-223,-203,-203,0,-161,
0,-200,-219,-270,-265,-232,-246,-340,0,-152,-156,-128,-72,-353,-349,-318,-262,
-229,-150,-150,-145,-145,-145,-146,-127,-150,-134,-335,-198,-352,-322,-366,
-362,-733,-728,-982,-970,-1818,-1810]} 1. Nf3 Nf6 2. g3 b5 3. Bg2 Bb7 4. d3 e6
5. e4 d5 6. Nbd2 Be7 7. Qe2 c5 8. O-O Nc6 9. c3 O-O 10. e5 {A05: Réti Opening:
1 Nf3 Nf6} Nd7 $1 11. Re1 a5 {[%cal Ba7a5,Ba5a4,Ba4a3][%mdl 32]} 12. Nf1 {
Black is slightly better.} a4 13. Bf4 $146 ({Predecessor:} 13. h4 c4 14. a3
cxd3 15. Qxd3 Nc5 16. Qc2 d4 {0-1 (56) Piesik,P (2353)-Cyborowski,L (2514)
Poland 2018}) 13... d4 14. cxd4 cxd4 15. h4 Nb6 16. Bg5 a3 17. b3 Nd5 18. N1h2
(18. Qe4 $142) 18... Nc3 $17 19. Qd2 Rc8 $1 20. Ng4 Kh8 (20... h5 $1 $17 {
[%cal Rh5g4]} 21. Bxe7 Qxe7) 21. Qf4 $2 (21. h5 $1 $11 {and White has nothing
to worry.}) 21... Nd5 (21... Nb4 $1 $19 {[%cal Rb4d3] and Black stays clearly
on top.} 22. Bxe7 Qxe7) 22. Qd2 Qd7 (22... f5 $17 23. exf6 gxf6 24. Nxf6 Bxf6
25. Rxe6 Nc7 26. Rxf6 Rxf6) 23. Bxe7 $1 $15 Qxe7 24. Re4 $2 ({White should try
} 24. h5 $15) 24... Nc3 $19 25. Rf4 Nd5 26. Re4 Nc3 27. Rf4 $1 Nb4 28. Nxd4 {
[#]} Bxg2 $1 29. Kxg2 Nbd5 30. Rf3 Qb7 $2 ({Black should play} 30... Qb4 $19
31. Rf4 Nxf4+ 32. Qxf4 Nd5) 31. Ne2 $2 ({Better is} 31. h5 $11) 31... Nxe2 32.
Qxe2 {[#]} Nb4 (32... h5 $142 $1 {[%cal Rh5g4]} 33. Nh2 Nb4) 33. Qe4 $2 {
[%mdl 8192]} (33. Rd1 $17) 33... Qxe4 34. dxe4 Rc2 35. Ne3 Rxa2 36. Rxa2 Nxa2 {
[%mdl 4096] Endgame KRN-KRN} 37. Nc2 b4 38. Rd3 h5 39. Rd7 Rc8 40. Nd4 $2 (40.
Rd2 $17) 40... Nc3 (40... Kg8 $142 41. f4 Rc1) 41. Ra7 $2 (41. Rxf7 Ra8 42. Nc2
) 41... Nxe4 42. Kf3 Nc5 43. Ke3 $2 {[#]} (43. Ke2) 43... Nxb3 $1 {[%mdl 576]
White must now prevent ...Rc3+. Decoy. Black is clearly winning.} 44. Nxb3 Rc3+
{[%mdl 64] Double Attack} 45. Kf4 Rxb3 {Accuracy: White = 26%, Black = 53%.}
0-1

[Event "GER-ch Blitz 2019"]
[Site "Magdeburg"]
[Date "2019.05.25"]
[Round "3.10"]
[White "Baskin, Robert"]
[Black "Carow, Johannes"]
[Result "1/2-1/2"]
[WhiteElo "2398"]
[BlackElo "2445"]
[Annotator "TA"]
[PlyCount "60"]
[EventDate "2019.05.25"]
[EventType "tourn"]
[EventCountry "GER"]
[Tiebreak "Number of wins+Number of black wins"]
[SourceTitle "playchess.com"]
[Source "ChessBase"]
[SourceQuality "1"]

{[%evp 9,60,0,0,-10,21,7,15,20,16,8,30,28,33,0,8,0,0,0,0,0,0,-20,0,-6,-4,-39,
-21,-23,-14,-25,16,21,28,0,39,32,93,0,0,0,0,-9,-9,-10,-15,-8,0,-7,0,0,0,0,0]} 
1. d4 d5 2. Bf4 Nf6 3. e3 c5 4. c3 Nc6 5. Nd2 Bf5 6. Ngf3 {D00: 1 d4 d5:
Unusual lines} cxd4 7. exd4 e6 8. Qb3 Qc8 9. Nh4 Bg6 (9... Be4 $5) 10. Be2 $146
({Predecessor:} 10. Nxg6 hxg6 11. Bd3 Nh5 12. Be3 Bd6 {1-0 (56) Kramnik,V 
(2796)-Sjugirov,S (2646) Doha 2015}) 10... Be7 11. Bg3 Nh5 12. a4 Bxh4 13. Bxh5
Bxg3 14. hxg3 Bd3 15. Bd1 a6 16. Nf3 Qc7 17. Rc1 O-O-O 18. Be2 Bxe2 19. Kxe2 e5
20. dxe5 Nxe5 21. Kf1 Nxf3 22. gxf3 Kb8 ({Black should try} 22... d4 $14) 23.
Qb4 (23. Rd1 $16) 23... Qc4+ $11 {The position is equal.} 24. Qxc4 dxc4 {
[%mdl 4096] Endgame KRR-KRR} 25. Rc2 Rd1+ 26. Kg2 Rxh1 27. Kxh1 Rd8 28. Re2 Rd7
29. f4 Kc7 30. Kg2 b5 {Accuracy: White = 43%, Black = 34%.} 1/2-1/2

[Event "GER-ch Blitz 2019"]
[Site "Magdeburg"]
[Date "2019.05.25"]
[Round "3.11"]
[White "Schneider, Ilja"]
[Black "Koch, Thomas"]
[Result "1/2-1/2"]
[WhiteElo "2494"]
[BlackElo "2474"]
[Annotator "RC"]
[PlyCount "150"]
[EventDate "2019.05.25"]
[EventType "tourn"]
[EventCountry "GER"]
[Tiebreak "Number of wins+Number of black wins"]
[SourceTitle "playchess.com"]
[Source "ChessBase"]
[SourceQuality "1"]
[TimeControl "180+2"]

1. e4 {[%emt 0:00:00]} c5 {[%emt 0:00:00]} 2. c3 {[%emt 0:00:00]} d5 {[%emt 0:
00:00]} 3. exd5 {[%emt 0:00:01]} Qxd5 {[%emt 0:00:00]} 4. Nf3 {[%emt 0:00:01]}
e6 {[%emt 0:00:01]} 5. Na3 {[%emt 0:00:01]} Qd8 {[%emt 0:00:01]} 6. Nc2 {
[%emt 0:00:01]} Nf6 {[%emt 0:00:03]} 7. d4 {[%emt 0:00:01]} Nc6 {[%emt 0:00:01]
} 8. Be2 {[%emt 0:00:01]} Be7 {[%emt 0:00:01]} 9. O-O {[%emt 0:00:02]} O-O {
[%emt 0:00:02]} 10. Be3 {[%emt 0:00:03]} cxd4 {[%emt 0:00:03]} 11. Nfxd4 {
[%emt 0:00:03]} Bd7 {[%emt 0:00:04]} 12. Bf3 {[%emt 0:00:03]} Ne5 {[%emt 0:00:
17]} 13. Be2 {[%emt 0:00:20]} Rc8 {[%emt 0:00:05]} 14. Nf3 {[%emt 0:00:10]} Nc6
{[%emt 0:00:08]} 15. Ncd4 {[%emt 0:00:10]} Nxd4 {[%emt 0:00:06]} 16. Bxd4 {
[%emt 0:00:05]} a6 {[%emt 0:00:08]} 17. Ne5 {[%emt 0:00:02]} Qc7 {[%emt 0:00:
09]} 18. Nxd7 {[%emt 0:00:05]} Nxd7 {[%emt 0:00:04]} 19. Bf3 {[%emt 0:00:07]}
Bc5 {[%emt 0:00:02]} 20. Re1 {[%emt 0:00:06]} Rfd8 {[%emt 0:00:02]} 21. Qb3 {
[%emt 0:00:20]} Bxd4 {[%emt 0:00:05]} 22. cxd4 {[%emt 0:00:01]} Nb6 {[%emt 0:
00:02]} 23. g3 {[%emt 0:00:21]} Nd5 {[%emt 0:00:01]} 24. Kg2 {[%emt 0:00:06]}
g6 {[%emt 0:00:08]} 25. h4 {[%emt 0:00:10]} h5 {[%emt 0:00:02]} 26. Rac1 {
[%emt 0:00:11]} Qd7 {[%emt 0:00:02]} 27. Bxd5 {[%emt 0:00:12]} Rxc1 {[%emt 0:
00:18]} 28. Bxe6 {[%emt 0:00:44]} Qc6+ {[%emt 0:00:00]} 29. Bd5 {[%emt 0:00:04]
} Rxd5 {[%emt 0:00:04]} 30. Rxc1 {[%emt 0:00:01]} Rc5+ {[%emt 0:00:09]} 31. d5
{[%emt 0:00:01]} Qxd5+ {[%emt 0:00:01]} 32. Qxd5 Rxd5 {[%emt 0:00:01]} 33. Rc7
{[%emt 0:00:02]} Rb5 {[%emt 0:00:01]} 34. b3 {[%emt 0:00:01]} Kg7 {[%emt 0:00:
04]} 35. Kf3 {[%emt 0:00:00]} Rb4 {[%emt 0:00:01]} 36. Ke3 {[%emt 0:00:01]} Kf6
{[%emt 0:00:01]} 37. Kd3 {[%emt 0:00:01]} Ke6 {[%emt 0:00:02]} 38. Kc3 {
[%emt 0:00:00]} Rb5 {[%emt 0:00:01]} 39. a4 {[%emt 0:00:02]} Rb6 {[%emt 0:00:
01]} 40. Kc4 {[%emt 0:00:03]} a5 {[%emt 0:00:01]} 41. Rc5 {[%emt 0:00:04]} Rb4+
{[%emt 0:00:16]} 42. Kc3 {[%emt 0:00:02]} b6 {[%emt 0:00:00]} 43. Rc4 {[%emt 0:
00:04]} Rxc4+ {[%emt 0:00:02]} 44. Kxc4 {[%emt 0:00:01]} Kd6 {[%emt 0:00:01]}
45. Kb5 {[%emt 0:00:03]} Kc7 {[%emt 0:00:01]} 46. f3 {[%emt 0:00:06]} Kb7 {
[%emt 0:00:09]} 47. g4 {[%emt 0:00:10]} Kc7 {[%emt 0:00:02]} 48. g5 {[%emt 0:
00:10]} Kb7 {[%emt 0:00:00]} 49. f4 {[%emt 0:00:03]} Kc7 {[%emt 0:00:01]} 50.
Kc4 {[%emt 0:00:00]} Kc6 {[%emt 0:00:02]} 51. Kd4 {[%emt 0:00:01]} Kd6 {
[%emt 0:00:02]} 52. Ke4 {[%emt 0:00:02]} Ke6 {[%emt 0:00:05]} 53. f5+ {[%emt 0:
00:03]} Kd6 {[%emt 0:00:04]} 54. fxg6 {[%emt 0:00:01]} fxg6 {[%emt 0:00:01]}
55. Kd4 {[%emt 0:00:01]} Ke6 {[%emt 0:00:01]} 56. Kc4 {[%emt 0:00:05]} Kf5 {
[%emt 0:00:13]} 57. Kb5 {[%emt 0:00:01]} Kg4 {[%emt 0:00:00]} 58. Kxb6 {
[%emt 0:00:00]} Kxh4 {[%emt 0:00:01]} 59. Kxa5 {[%emt 0:00:04]} Kxg5 {[%emt 0:
00:03]} 60. b4 {[%emt 0:00:01]} h4 {[%emt 0:00:01]} 61. b5 {[%emt 0:00:00]} h3
{[%emt 0:00:00]} 62. b6 {[%emt 0:00:01]} h2 {[%emt 0:00:01]} 63. b7 {[%emt 0:
00:01]} h1=Q {[%emt 0:00:03]} 64. b8=Q {[%emt 0:00:00]} Qe1+ {[%emt 0:00:05]}
65. Qb4 {[%emt 0:00:01]} Qe5+ {[%emt 0:00:06]} 66. Qb5 {[%emt 0:00:01]} Kf4 {
[%emt 0:00:01]} 67. Kb4 {[%emt 0:00:07]} Qd6+ {[%emt 0:00:05]} 68. Qc5 {
[%emt 0:00:01]} Qd2+ {[%emt 0:00:01]} 69. Kb5 {[%emt 0:00:02]} Qd7+ {[%emt 0:
00:04]} 70. Qc6 {[%emt 0:00:03]} Qxc6+ {[%emt 0:00:22]} 71. Kxc6 {[%emt 0:00:
00]} g5 {[%emt 0:00:01]} 72. a5 {[%emt 0:00:01]} g4 {[%emt 0:00:01]} 73. a6 {
[%emt 0:00:00]} g3 {[%emt 0:00:01]} 74. a7 {[%emt 0:00:01]} g2 {[%emt 0:00:01]}
75. a8=Q {[%emt 0:00:01]} g1=Q 1/2-1/2

[Event "GER-ch Blitz 2019"]
[Site "Magdeburg"]
[Date "2019.05.25"]
[Round "3.12"]
[White "Wichmann, Cliff"]
[Black "Krause, Benedict"]
[Result "1/2-1/2"]
[WhiteElo "2280"]
[BlackElo "2434"]
[Annotator "NA"]
[PlyCount "40"]
[EventDate "2019.05.25"]
[EventType "tourn"]
[EventCountry "GER"]
[Tiebreak "Number of wins+Number of black wins"]
[SourceTitle "playchess.com"]
[Source "ChessBase"]
[SourceQuality "1"]
[TimeControl "180+2"]

1. Nf3 {[%emt 0:00:00]} Nf6 {[%emt 0:00:00]} 2. d4 {[%emt 0:00:02]} g6 {
[%emt 0:00:00]} 3. c4 {[%emt 0:00:01]} Bg7 {[%emt 0:00:01]} 4. Nc3 {[%emt 0:00:
01]} d5 {[%emt 0:00:01]} 5. cxd5 {[%emt 0:00:07]} Nxd5 {[%emt 0:00:01]} 6. e4 {
[%emt 0:00:00]} Nxc3 {[%emt 0:00:02]} 7. bxc3 {[%emt 0:00:01]} c5 {[%emt 0:00:
03]} 8. Rb1 {[%emt 0:00:01]} O-O {[%emt 0:00:01]} 9. Be2 {[%emt 0:00:00]} Nc6 {
[%emt 0:00:04]} 10. d5 {[%emt 0:00:01]} Ne5 {[%emt 0:00:00]} 11. Nxe5 {[%emt 0:
00:01]} Bxe5 {[%emt 0:00:02]} 12. c4 {[%emt 0:00:10]} f5 {[%emt 0:00:11]} 13.
exf5 {[%emt 0:00:22]} Rxf5 {[%emt 0:00:34]} 14. O-O {[%emt 0:00:25]} b6 {
[%emt 0:00:28]} 15. Bb2 {[%emt 0:00:06]} Bxb2 {[%emt 0:00:30]} 16. Rxb2 {
[%emt 0:00:02]} Qd6 {[%emt 0:00:03]} 17. Rb3 {[%emt 0:00:12]} Bd7 {[%emt 0:00:
05]} 18. Re3 {[%emt 0:00:11]} Re5 {[%emt 0:00:02]} 19. Qd2 {[%emt 0:00:03]}
Rxe3 {[%emt 0:00:03]} 20. Qxe3 {[%emt 0:00:01]} Rf8 {[%emt 0:00:01]} 1/2-1/2

[Event "GER-ch Blitz 2019"]
[Site "Magdeburg"]
[Date "2019.05.25"]
[Round "3.13"]
[White "Hebbinghaus, Holger"]
[Black "Feuerstack, Aljoscha"]
[Result "1/2-1/2"]
[WhiteElo "2310"]
[BlackElo "2441"]
[Annotator "NA"]
[PlyCount "31"]
[EventDate "2019.05.25"]
[EventType "tourn"]
[EventCountry "GER"]
[Tiebreak "Number of wins+Number of black wins"]
[SourceTitle "playchess.com"]
[Source "ChessBase"]
[SourceQuality "1"]
[TimeControl "180+2"]

1. e4 {[%emt 0:00:00]} c5 {[%emt 0:00:00]} 2. Be2 {[%emt 0:00:01]} e6 {[%emt 0:
00:05]} 3. f4 {[%emt 0:00:02]} d6 {[%emt 0:00:13]} 4. Nf3 {[%emt 0:00:02]} Nf6
{[%emt 0:00:14]} 5. d3 {[%emt 0:00:01]} Be7 {[%emt 0:00:00]} 6. O-O {[%emt 0:
00:05]} b6 {[%emt 0:00:01]} 7. Kh1 {[%emt 0:00:24]} Bb7 {[%emt 0:00:01]} 8. Be3
{[%emt 0:00:06]} Nbd7 {[%emt 0:00:10]} 9. Nbd2 {[%emt 0:00:07]} Qc7 {[%emt 0:
00:11]} 10. c3 {[%emt 0:00:09]} h5 {[%emt 0:00:16]} 11. a4 {[%emt 0:00:12]} h4
{[%emt 0:00:03]} 12. Ng5 {[%emt 0:00:24]} Nh7 {[%emt 0:00:59]} 13. Nh3 {
[%emt 0:00:21]} Nhf6 {[%emt 0:00:36]} 14. Ng5 {[%emt 0:00:12]} Nh7 {[%emt 0:00:
01]} 15. Nh3 {[%emt 0:00:11]} Nhf6 {[%emt 0:00:01]} 16. Ng5 {[%emt 0:00:03]}
1/2-1/2

[Event "GER-ch Blitz 2019"]
[Site "Magdeburg"]
[Date "2019.05.25"]
[Round "3.14"]
[White "Voege, Tobias"]
[Black "Barzen, Pascal"]
[Result "0-1"]
[WhiteElo "2294"]
[BlackElo "2292"]
[Annotator "NA"]
[PlyCount "106"]
[EventDate "2019.05.25"]
[EventType "tourn"]
[EventCountry "GER"]
[Tiebreak "Number of wins+Number of black wins"]
[SourceTitle "playchess.com"]
[Source "ChessBase"]
[SourceQuality "1"]
[TimeControl "180+2"]

1. d4 {[%emt 0:00:00]} Nf6 {[%emt 0:00:00]} 2. c4 {[%emt 0:00:00]} e6 {[%emt 0:
00:00]} 3. Nc3 {[%emt 0:00:00]} Bb4 {[%emt 0:00:01]} 4. Nf3 {[%emt 0:00:01]}
O-O {[%emt 0:00:02]} 5. Bg5 {[%emt 0:00:01]} h6 {[%emt 0:00:05]} 6. Bh4 {
[%emt 0:00:01]} c5 {[%emt 0:00:05]} 7. e3 {[%emt 0:00:01]} d6 {[%emt 0:00:07]}
8. Bd3 {[%emt 0:00:03]} Nc6 {[%emt 0:00:01]} 9. O-O {[%emt 0:00:04]} Bxc3 {
[%emt 0:00:14]} 10. bxc3 {[%emt 0:00:01]} e5 {[%emt 0:00:00]} 11. d5 {[%emt 0:
00:17]} Na5 {[%emt 0:00:21]} 12. Nd2 {[%emt 0:00:02]} g5 {[%emt 0:00:08]} 13.
Bg3 {[%emt 0:00:02]} Qe7 {[%emt 0:00:02]} 14. Qc2 {[%emt 0:00:25]} Nh5 {
[%emt 0:00:10]} 15. Rae1 {[%emt 0:00:11]} f5 {[%emt 0:00:05]} 16. Be2 {[%emt 0:
00:51]} Qf7 {[%emt 0:00:19]} 17. f4 {[%emt 0:00:25]} Nxg3 {[%emt 0:00:04]} 18.
hxg3 {[%emt 0:00:01]} gxf4 {[%emt 0:00:31]} 19. gxf4 {[%emt 0:00:03]} e4 {
[%emt 0:00:03]} 20. Kf2 {[%emt 0:00:10]} Kh8 {[%emt 0:00:08]} 21. Rh1 {[%emt 0:
00:11]} Qg7 {[%emt 0:00:03]} 22. Rh3 {[%emt 0:00:17]} Rf6 {[%emt 0:00:02]} 23.
Reh1 {[%emt 0:00:03]} Bd7 {[%emt 0:00:04]} 24. Bh5 {[%emt 0:00:11]} Rg8 {
[%emt 0:00:02]} 25. g3 {[%emt 0:00:05]} b6 {[%emt 0:00:03]} 26. Qd1 {[%emt 0:
00:03]} b5 {[%emt 0:00:20]} 27. Qg1 {[%emt 0:00:04]} bxc4 {[%emt 0:00:03]} 28.
Qh2 {[%emt 0:00:01]} Rb8 {[%emt 0:00:06]} 29. Bf7 {[%emt 0:00:18]} Kh7 {
[%emt 0:00:11]} 30. Be6 {[%emt 0:00:01]} Bxe6 {[%emt 0:00:03]} 31. dxe6 Rxe6 {
[%emt 0:00:01]} 32. Rh5 {[%emt 0:00:02]} Rf6 {[%emt 0:00:03]} 33. Qh3 {[%emt 0:
00:02]} Rb2 {[%emt 0:00:01]} 34. Ke2 {[%emt 0:00:05]} Qg4+ {[%emt 0:00:10]} 35.
Qxg4 {[%emt 0:00:01]} fxg4 {[%emt 0:00:01]} 36. Rd1 {[%emt 0:00:04]} Rxa2 {
[%emt 0:00:01]} 37. Ke1 {[%emt 0:00:01]} Nb3 {[%emt 0:00:02]} 38. Nxe4 Rf8 {
[%emt 0:00:14]} 39. Rxd6 {[%emt 0:00:03]} Ra1+ {[%emt 0:00:13]} 40. Kf2 {
[%emt 0:00:01]} Ra2+ {[%emt 0:00:01]} 41. Kg1 {[%emt 0:00:01]} Ra1+ {[%emt 0:
00:01]} 42. Kg2 {[%emt 0:00:01]} Ra2+ {[%emt 0:00:00]} 43. Nf2 {[%emt 0:00:03]}
Re8 {[%emt 0:00:07]} 44. Rhxh6+ Kg7 45. Rhg6+ Kh7 46. Rxg4 {[%emt 0:00:09]}
Rxe3 {[%emt 0:00:03]} 47. Rh4+ {[%emt 0:00:02]} Kg7 {[%emt 0:00:01]} 48. f5 {
[%emt 0:00:05]} Nd2 {[%emt 0:00:02]} 49. Rg6+ {[%emt 0:00:02]} Kf7 {[%emt 0:00:
02]} 50. Rf4 Ne4 51. Rxe4 Rxe4 52. Rc6 Ree2 53. Rxc5 Rxf2+ 0-1

[Event "GER-ch Blitz 2019"]
[Site "Magdeburg"]
[Date "2019.05.25"]
[Round "3.15"]
[White "Heistermann, Till"]
[Black "Braeuning, Rudolf Wilhelm"]
[Result "0-1"]
[WhiteElo "2181"]
[BlackElo "2285"]
[Annotator "NA"]
[PlyCount "108"]
[EventDate "2019.05.25"]
[EventType "tourn"]
[EventCountry "GER"]
[Tiebreak "Number of wins+Number of black wins"]
[SourceTitle "playchess.com"]
[Source "ChessBase"]
[SourceQuality "1"]
[TimeControl "180+2"]

1. Nf3 {[%emt 0:00:00]} d5 {[%emt 0:00:03]} 2. g3 {[%emt 0:00:00]} Nf6 {
[%emt 0:00:01]} 3. Bg2 {[%emt 0:00:01]} Bf5 {[%emt 0:00:01]} 4. O-O {[%emt 0:
00:02]} e6 {[%emt 0:00:01]} 5. d3 {[%emt 0:00:02]} h6 {[%emt 0:00:02]} 6. b3 {
[%emt 0:00:02]} Be7 {[%emt 0:00:07]} 7. Bb2 {[%emt 0:00:01]} O-O {[%emt 0:00:
02]} 8. c4 {[%emt 0:00:01]} c5 {[%emt 0:00:04]} 9. Nbd2 {[%emt 0:00:04]} Nc6 {
[%emt 0:00:02]} 10. a3 {[%emt 0:00:03]} d4 {[%emt 0:00:05]} 11. Qc2 {[%emt 0:
00:13]} e5 {[%emt 0:00:05]} 12. Rfd1 {[%emt 0:00:27]} Qd7 {[%emt 0:00:13]} 13.
Ne1 {[%emt 0:00:03]} Rad8 {[%emt 0:00:06]} 14. Ne4 {[%emt 0:00:06]} Nxe4 {
[%emt 0:00:20]} 15. dxe4 {[%emt 0:00:02]} Bh3 {[%emt 0:00:01]} 16. Bh1 {
[%emt 0:00:07]} f5 {[%emt 0:00:05]} 17. Nd3 {[%emt 0:00:17]} f4 {[%emt 0:00:03]
} 18. b4 {[%emt 0:00:13]} cxb4 {[%emt 0:00:24]} 19. axb4 {[%emt 0:00:03]} Bxb4
{[%emt 0:00:15]} 20. Nxb4 {[%emt 0:00:06]} Nxb4 {[%emt 0:00:01]} 21. Qb3 {
[%emt 0:00:22]} Nc6 {[%emt 0:00:02]} 22. Rab1 {[%emt 0:00:20]} Qf7 {[%emt 0:00:
14]} 23. Bf3 {[%emt 0:00:09]} Rd7 {[%emt 0:00:14]} 24. Ba3 {[%emt 0:00:04]}
Rfd8 {[%emt 0:00:06]} 25. c5 {[%emt 0:00:10]} Be6 {[%emt 0:00:28]} 26. Qc2 {
[%emt 0:00:02]} d3 {[%emt 0:00:09]} 27. Rxd3 {[%emt 0:00:10]} Rxd3 {[%emt 0:00:
03]} 28. exd3 {[%emt 0:00:01]} fxg3 {[%emt 0:00:00]} 29. Bg2 {[%emt 0:00:09]}
Nd4 {[%emt 0:00:06]} 30. Qd2 {[%emt 0:00:04]} gxh2+ {[%emt 0:00:04]} 31. Kh1 {
[%emt 0:00:03]} Bg4 {[%emt 0:00:05]} 32. Bb2 {[%emt 0:00:15]} Nf3 {[%emt 0:00:
07]} 33. Qe3 {[%emt 0:00:01]} Nh4 {[%emt 0:00:04]} 34. Bxe5 {[%emt 0:00:09]}
Rf8 {[%emt 0:00:12]} 35. f4 {[%emt 0:00:02]} Ng6 {[%emt 0:00:03]} 36. d4 {
[%emt 0:00:03]} Nxf4 {[%emt 0:00:04]} 37. Bxf4 {[%emt 0:00:02]} Qxf4 {[%emt 0:
00:00]} 38. Qxf4 {[%emt 0:00:01]} Rxf4 {[%emt 0:00:01]} 39. Rxb7 {[%emt 0:00:
03]} a5 {[%emt 0:00:08]} 40. Ra7 {[%emt 0:00:01]} Rf2 {[%emt 0:00:02]} 41. Rxa5
{[%emt 0:00:05]} Rc2 {[%emt 0:00:02]} 42. Kxh2 {[%emt 0:00:01]} h5 {[%emt 0:00:
00]} 43. Kg3 {[%emt 0:00:01]} g5 {[%emt 0:00:01]} 44. e5 {[%emt 0:00:03]} Be6 {
[%emt 0:00:02]} 45. d5 {[%emt 0:00:01]} h4+ {[%emt 0:00:01]} 46. Kh2 {[%emt 0:
00:04]} Bxd5 {[%emt 0:00:01]} 47. Kh3 {[%emt 0:00:02]} Rxg2 {[%emt 0:00:04]}
48. Ra7 {[%emt 0:00:09]} Rg3+ {[%emt 0:00:02]} 49. Kh2 {[%emt 0:00:01]} Rc3 {
[%emt 0:00:01]} 50. Rd7 {[%emt 0:00:03]} Bc6 {[%emt 0:00:02]} 51. Rd6 {[%emt 0:
00:00]} Rxc5 {[%emt 0:00:03]} 52. e6 {[%emt 0:00:01]} Kf8 {[%emt 0:00:02]} 53.
Rd4 {[%emt 0:00:02]} Ke7 {[%emt 0:00:01]} 54. Rg4 {[%emt 0:00:01]} Kxe6 {
[%emt 0:00:01]} 0-1

[Event "GER-ch Blitz 2019"]
[Site "Magdeburg"]
[Date "2019.05.25"]
[Round "4.1"]
[White "Schulze, Marc"]
[Black "Gustafsson, Jan"]
[Result "0-1"]
[WhiteElo "2220"]
[BlackElo "2639"]
[Annotator "TA"]
[PlyCount "70"]
[EventDate "2019.05.25"]
[EventType "tourn"]
[EventCountry "GER"]
[Tiebreak "Number of wins+Number of black wins"]
[SourceTitle "playchess.com"]
[Source "ChessBase"]
[SourceQuality "1"]

{[%evp 14,70,-24,-24,-24,-25,-28,-23,-21,-27,-14,-41,-30,-45,-39,-35,-30,-41,
-41,-41,-43,-37,-11,-19,-12,-13,-3,-15,0,0,0,0,0,-15,-34,-20,-17,-64,-75,-145,
-108,-116,-104,-155,-128,-209,-197,-202,-151,-160,-158,-230,-219,-223,-141,
-149,-108,-246,-206]} 1. d4 Nf6 2. Bf4 d5 3. Nf3 c5 4. e3 Nc6 5. c3 Qb6 6. Qb3
c4 7. Qc2 Bf5 8. Qc1 Nh5 {D02: 1 d4 d5 2 Nf3 sidelines, including 2...Nf6 3 g3
and 2...Nf6 3 Bf4} (8... e6 9. Nbd2 Qd8 10. h3 h6 11. Be2 Be7 12. O-O O-O 13.
Bd1 b5 14. Bc2 Bxc2 15. Qxc2 Bd6 16. Bxd6 Qxd6 17. e4 dxe4 18. Nxe4 Nxe4 19.
Qxe4 Qd5 20. Qxd5 exd5 {1-0 (51) Nisipeanu,L (2674)-Parligras,M (2645)
Bucharest 2018}) 9. Bg3 Nxg3 10. hxg3 e6 {Black has an edge.} 11. Nbd2 Bd6 12.
b3 $146 ({Predecessor:} 12. Nh4 Bg4 13. Be2 Bxe2 14. Kxe2 h6 15. Kf1 g5 16.
Nhf3 g4 17. Ne1 {0-1 (54) Nicotera,A (2133)-Kuhl,E (2204) ICCF email 2013})
12... Qa5 {aiming for ...Ba3.} 13. a4 cxb3 14. Nxb3 Qb6 15. Nfd2 Rc8 16. a5 Qc7
17. Qb2 a6 18. Be2 O-O 19. O-O Qe7 20. c4 Bb4 21. Rfc1 Rfd8 $36 {[%mdl 2048]
Black is pushing.} 22. cxd5 exd5 23. Nc5 {[#]} Nxd4 $1 {[%mdl 576] Remove
Defender} 24. exd4 (24. Qxd4 Bxc5) 24... Bxc5 25. Re1 Qf6 26. Nb3 (26. Nf3 $142
) 26... Ba7 27. Rec1 g6 28. Bf3 (28. g4 $142 Be4 29. Qd2) 28... Be4 29. Bg4 (
29. Rxc8 $17 Rxc8 30. Rc1) 29... Rc4 $19 30. Be2 Rxd4 {Threatens to win with ..
.Rd1+!} ({Don't take} 30... Bxd4 31. Nxd4 Qxd4 32. Qxb7 $17) 31. Ra2 {[#]} Kg7
$1 32. Nc5 (32. Nd2 $17) 32... Bxc5 33. Rxc5 Rd7 34. g4 {Black must now
prevent g5!} h6 35. f4 (35. Rc3 $17) 35... Bd3 {Accuracy: White = 44%, Black =
53%.} 0-1

[Event "GER-ch Blitz 2019"]
[Site "Magdeburg"]
[Date "2019.05.25"]
[Round "4.2"]
[White "Svane, Frederik"]
[Black "Zelbel, Patrick"]
[Result "0-1"]
[WhiteElo "2342"]
[BlackElo "2439"]
[Annotator "NA"]
[PlyCount "50"]
[EventDate "2019.05.25"]
[EventType "tourn"]
[EventCountry "GER"]
[Tiebreak "Number of wins+Number of black wins"]
[SourceTitle "playchess.com"]
[Source "ChessBase"]
[SourceQuality "1"]
[TimeControl "180+2"]

1. e4 {[%emt 0:00:00]} e5 {[%emt 0:00:00]} 2. Nf3 {[%emt 0:00:01]} Nc6 {
[%emt 0:00:00]} 3. Bb5 {[%emt 0:00:01]} f5 {[%emt 0:00:00]} 4. d3 {[%emt 0:00:
03]} fxe4 5. dxe4 Nf6 6. O-O Bc5 7. Nc3 {[%emt 0:00:38]} O-O {[%emt 0:00:16]}
8. Bxc6 {[%emt 0:00:18]} bxc6 {[%emt 0:00:01]} 9. Nxe5 {[%emt 0:00:02]} d6 {
[%emt 0:00:08]} 10. Nxc6 {[%emt 0:01:05]} Qe8 {[%emt 0:00:04]} 11. Nd4 {
[%emt 0:00:02]} Nxe4 {[%emt 0:00:30]} 12. Be3 {[%emt 0:00:53]} Nxc3 {[%emt 0:
00:15]} 13. bxc3 {[%emt 0:00:01]} Qg6 {[%emt 0:00:01]} 14. Qd3 {[%emt 0:00:07]}
Qf7 {[%emt 0:00:05]} 15. Qe4 {[%emt 0:00:07]} Ba6 {[%emt 0:00:09]} 16. Rfe1 {
[%emt 0:00:07]} Rae8 {[%emt 0:00:01]} 17. Qg4 {[%emt 0:00:03]} Bb7 {[%emt 0:00:
27]} 18. Qg3 {[%emt 0:00:02]} Qh5 {[%emt 0:00:31]} 19. Rab1 {[%emt 0:00:03]}
Bd5 {[%emt 0:00:05]} 20. a4 {[%emt 0:00:01]} Rf6 {[%emt 0:00:05]} 21. Qg5 {
[%emt 0:00:01]} Qf7 {[%emt 0:00:07]} 22. Qh4 {[%emt 0:00:04]} Rg6 {[%emt 0:00:
02]} 23. f3 {[%emt 0:00:01]} Bxf3 {[%emt 0:00:14]} 24. Nxf3 {[%emt 0:00:02]}
Qxf3 {[%emt 0:00:04]} 25. Qf2 {[%emt 0:00:03]} Bxe3 {[%emt 0:00:21]} 0-1